• 首页
  • 本馆介绍
  • 公告通知
  • 最新文献
  • 馆藏检索
  • 电子资源
  • 读者导购
  • 参考咨询
  • 我的图书馆
  • 登录
  • 详细信息显示
  • 放入我的书架
  • 预约/预借图书
  • 作者相关作品
  • 分类相关作品
  • 丛书相关作品
  • 出版社相关作品

书目信息

  • 表格格式
  • 工作单格式
  • 卡片格式
题名:
设施蔬菜持续生产的理论与技术研究
    
 
作者: 梁银丽 , 由海霞 , 周茂娟 著
分册:  
出版信息: 北京   科学出版社  2010
页数: 188页
开本: 26cm
丛书名: 现代农业高新技术丛书
单 册:
中图分类: S626.5
科图分类:
主题词: 蔬菜--温室栽培--研究 , 蔬菜 , 温室栽培
电子资源:
ISBN: 978-7-03-026460-2
000 01265oam2 2200325 45
001 1130737187
005 20110310090314.70
010    @a978-7-03-026460-2@dCNY48.00
100    @a20110121d2010 em y0chiy50 ea
101 0  @achi
102    @aCN@b110000
105    @ay z 000yy
106    @ar
200 1  @a设施蔬菜持续生产的理论与技术研究@AShe Shi Shu Cai Chi Xu Sheng Chan De Li Lun Yu Ji Shu Yan Jiu@dTheory and technology of facility vegetables for continuous production@f梁银丽,由海霞,周茂娟著@FLiang Yin Li, You Hai Xia, Zhou Mao Juan Zhu@zeng
210    @a北京@c科学出版社@d2010
215    @a188页@d26cm
225 2  @a现代农业高新技术丛书
300    @a国家“十一五”科技支撑项目资助 中国科学院西部行动计划项目
330    @a本书对设施农业发展现状和面临问题进行分析,重点对设施蔬菜持续生产面临问题进行系统研究。
461  0 @12001 @a现代农业高新技术丛书
510 1  @aTheory and technology of facility vegetables for continuous production@zeng
606 0  @a蔬菜@x温室栽培@x研究
606 0  @a蔬菜
606 0  @a温室栽培
690    @aS626.5@v4
701  0 @a梁银丽@ALiang Yin Li@4著
701  0 @a由海霞@AYou Hai Xia@4著
701  0 @a周茂娟@AZhou Mao Juan@4著
801  0 @aCN@bTANGWEI@c20110310
905    @b0531898-901@dS626.5@e222@f4
    
    设施蔬菜持续生产的理论与技术研究=Theory and technology of facility vegetables for continuous production/梁银丽,由海霞,周茂娟著.-北京:科学出版社,2010
    188页;26cm.-(现代农业高新技术丛书)
    国家“十一五”科技支撑项目资助 中国科学院西部行动计划项目
    
    ISBN 978-7-03-026460-2:CNY48.00
    本书对设施农业发展现状和面临问题进行分析,重点对设施蔬菜持续生产面临问题进行系统研究。
●
相关链接 在E读中查询图书 在五车中查询图书 在当当中查询图书 在豆瓣中查询图书


正题名:设施蔬菜持续生产的理论与技术研究     索取号:S626.5/222         预约/预借

序号 登录号 条形码 馆藏地/架位号 状态 备注
1 0531898   205318985   第二样本阅览室/ [索取号:S626.5/222] 在馆    
2 0531899   205318994   第三借阅区/ [索取号:S626.5/222] 在馆    
3 0531900   205319001   第三借阅区/ [索取号:S626.5/222] 在馆    
4 0531901   205319010   第三借阅区/ [索取号:S626.5/222] 在馆    
唐山师范学院图书馆 欢迎您!
大连网信软件有限公司© 版权所有